[Event "Mestre Sheraton op-A 1st"]
[Site "Mestre"]
[Date "2021.02.28"]
[Round "4"]
[White "Davini, Andrea"]
[Black "Sala, Sergio"]
[Result "1/2-1/2"]
[WhiteElo "1821"]
[BlackElo "1896"]
[PlyCount "42"]
[EventDate "2021.02.26"]
[EventType "swiss"]
[EventRounds "5"]
[EventCountry "ITA"]
[SourceTitle "EXT 2022"]
[Source "ChessBase"]
[SourceDate "2021.10.06"]
[SourceVersion "1"]
[SourceVersionDate "2021.10.06"]
[SourceQuality "1"]

1. e4 c6 2. d4 d5 3. Nc3 dxe4 4. Nxe4 Nd7 5. Bc4 Ngf6 6. Ng5 e6 7. Qe2 Nb6 8. Bb3 Bd6 9. N1f3 0-0 10. 0-0 h6 11. Ne4 Nxe4 12. Qxe4 Nd7 13. c3 Nf6 14. Qe2 c5 15. dxc5 Bxc5 16. Rd1 Qe7 17. Bf4 b6 18. Bc2 a5 19. Bd3 Bb7 20. a3 Nd5 21. Bg3 Rfd8 1/2-1/2

[Event "Mare di Fano op 5th"]
[Site "Fano"]
[Date "2016.08.05"]
[Round "8"]
[White "Virda, Rizka Aulia"]
[Black "Sala, Sergio"]
[Result "1-0"]
[WhiteElo "1918"]
[BlackElo "1919"]
[PlyCount "35"]
[EventDate "2016.07.30"]
[EventType "swiss"]
[EventRounds "9"]
[EventCountry "ITA"]
[SourceTitle "CBM 173 Extra"]
[Source "ChessBase"]
[SourceDate "2016.08.29"]
[SourceVersion "1"]
[SourceVersionDate "2016.08.29"]
[SourceQuality "1"]

1. e4 Nf6 2. d3 e5 3. g3 Bc5 4. Bg2 d6 5. Nf3 0-0 6. 0-0 Bg4 7. h3 Be6 8. c3 Nc6 9. d4 Bc4 10. dxc5 Bxf1 11. Qxf1 dxc5 12. Qe2 Qd6 13. Bg5 Rfd8 14. Nbd2 Rd7 15. Qb5 a6 16. Qxb7 Rb8 17. Qxa6 Rxb2 18. Nc4 1-0

[Event "Mare di Fano op 5th"]
[Site "Fano"]
[Date "2016.07.30"]
[Round "1"]
[White "Gonzalez Diaz, Julio"]
[Black "Sala, Sergio"]
[Result "1-0"]
[WhiteElo "2273"]
[BlackElo "1919"]
[PlyCount "99"]
[EventDate "2016.07.30"]
[EventType "swiss"]
[EventRounds "9"]
[EventCountry "ITA"]
[SourceTitle "CBM 173 Extra"]
[Source "ChessBase"]
[SourceDate "2016.08.29"]
[SourceVersion "1"]
[SourceVersionDate "2016.08.29"]
[SourceQuality "1"]

1. e4 Nf6 2. Nc3 d5 3. e5 Ne4 4. d4 Nxc3 5. bxc3 e6 6. f4 c5 7. Nf3 Be7 8. Bd3 Nc6 9. 0-0 c4 10. Be2 b5 11. Qe1 g6 12. Be3 Bd7 13. Bf2 b4 14. cxb4 Bxb4 15. c3 Be7 16. Rb1 Rb8 17. Qd2 0-0 18. g4 Kh8 19. Kh1 Qc7 20. Bg3 Rxb1 21. Rxb1 Rb8 22. Rf1 Qb6 23. f5 Qb2 24. Qe3 Qxa2 25. fxg6 fxg6 26. Bh4 Bxh4 27. Nxh4 Kg7 28. Qf3 Qd2 29. Qf6+ Kh6 30. Qf2 Qg5 31. Ng2 Qe7 32. Qe3+ Kg7 33. g5 Rb3 34. Bd1 Rb1 35. Qg3 a5 36. Ne3 Nd8 37. Qh4 Be8 38. Qh6+ Kg8 39. Ng4 Nf7 40. Qh4 Nxg5 41. Nf6+ Kg7 42. Qxg5 Kh8 43. Qh6 Ba4 44. Nxd5 Rxd1 45. Nxe7 Rxf1+ 46. Kg2 Rf7 47. Nxg6+ Kg8 48. Nf4 Bc6+ 49. Kg3 a4 50. Qxe6 1-0

[Event "Porto Mannu op"]
[Site "Porto Mannu"]
[Date "2009.05.19"]
[Round "4"]
[White "Sala, Sergio"]
[Black "Sbarra, Marco"]
[Result "1/2-1/2"]
[WhiteElo "1932"]
[BlackElo "2232"]
[PlyCount "133"]
[EventDate "2009.05.16"]
[EventType "swiss"]
[EventRounds "9"]
[EventCountry "ITA"]
[SourceTitle "CBM 130 Extra"]
[Source "ChessBase"]
[SourceDate "2009.07.02"]
[SourceVersion "2"]
[SourceVersionDate "2009.07.15"]
[SourceQuality "1"]

1. e4 e5 2. Nf3 Nc6 3. Bc4 Nf6 4. d3 Be7 5. 0-0 0-0 6. Re1 d6 7. c3 Na5 8. Bb5 a6 9. Ba4 b5 10. Bc2 c5 11. Nbd2 Nc6 12. Nf1 h6 13. Ng3 Qc7 14. Qe2 Re8 15. Bd2 Bf8 16. Nh4 Bg4 17. f3 Be6 18. Nhf5 d5 19. Rf1 Rad8 20. Rad1 Kh7 21. f4 dxe4 22. fxe5 Nxe5 23. Bf4 Bxf5 24. Bxe5 Rxe5 25. Rxf5 Rxf5 26. Nxf5 g6 27. Ng3 exd3 28. Bxd3 c4 29. Bc2 Rxd1+ 30. Bxd1 Nd5 31. Bc2 Bc5+ 32. Kh1 Ne3 33. Be4 Bb6 34. Nf1 Nf5 35. Nd2 Qf4 36. Bxf5 Qxf5 37. a3 Kg7 38. Nf3 Qb1+ 39. Ne1 Qf5 40. g3 Qd5+ 41. Ng2 h5 42. h3 Qc5 43. Qe1 Qf2 44. Qe5+ Kh7 45. Qe1 Qxe1+ 46. Nxe1 Be3 47. Nc2 Bc1 48. Nb4 Bxb2 49. Nxa6 Bxa3 50. Nc7 b4 51. Nb5 Bc1 52. cxb4 Bd2 53. Na3 c3 54. b5 Be3 55. Kg2 Bc5 56. Nc2 f5 57. g4 fxg4 58. hxg4 h4 59. g5 Be7 60. b6 Bd6 61. Kh3 Bg3 62. b7 Kg7 63. Nd4 Bb8 64. Kxh4 Kf7 65. Kg4 Ke8 66. Kf3 Kd7 67. Ke2 1/2-1/2

[Event "Lombardia-ch"]
[Site "Monza"]
[Date "2005.05.22"]
[Round "5"]
[White "Biava, Pierluigi"]
[Black "Sala, Sergio"]
[Result "0-1"]
[WhiteElo "1739"]
[BlackElo "1811"]
[PlyCount "108"]
[EventDate "2005.05.14"]
[EventType "swiss"]
[EventRounds "6"]
[EventCountry "ITA"]
[SourceTitle "EXT 2007"]
[Source "ChessBase"]
[SourceDate "2006.11.23"]
[SourceVersion "1"]
[SourceVersionDate "2006.11.23"]
[SourceQuality "1"]

1. d4 d5 2. Nf3 Nf6 3. e3 e6 4. Nbd2 c5 5. c3 Nc6 6. Bd3 Bd6 7. 0-0 0-0 8. Re1 e5 9. dxe5 Nxe5 10. Nxe5 Bxe5 11. Nf1 Bg4 12. f3 Bh5 13. g4 Bg6 14. Bxg6 fxg6 15. Kg2 Qd7 16. Ng3 Bc7 17. Qb3 Qc6 18. g5 Nd7 19. f4 c4 20. Qd1 d4+ 21. e4 d3 22. Qf3 Rf7 23. Rf1 Raf8 24. Qg4 Nc5 25. Kf3 Rxf4+ 26. Bxf4 Rxf4+ 27. Qxf4 Bxf4 28. Kxf4 Ne6+ 29. Kg4 Qb5 30. h4 Qxb2 31. Rab1 Qxc3 32. Rxb7 h6 33. gxh6 gxh6 34. Rb8+ Kh7 35. Rf7+ Ng7 36. Rff8 h5+ 37. Kh3 g5 38. hxg5 d2 39. Rbd8 Qe5 40. Rh8+ Kg6 41. Rxd2 Qxg5 42. Rg2 Kf7 43. Nf5 Qc1 44. Rxg7+ Kf6 45. Rf8+ Ke5 46. Re7+ Kf4 47. Ng3+ Ke3 48. Rf1 Qc2 49. e5 Qg6 50. Rxa7 Qg4+ 51. Kh2 h4 52. Nf5+ Ke2 53. Rg7 Qe4 54. Rgg1 Qxe5+ 0-1